Dayalbagh: (Record no. 188171)

MARC details
000 -LEADER
fixed length control field 00432nam a22001577a 4500
005 - DATE AND TIME OF LATEST TRANSACTION
control field 20220511154224.0
010 ## - LCCN (DPL NO)
LC control number ENG-132596
020 ## - INTERNATIONAL STANDARD BOOK NUMBER
International Standard Book Number 9788189288860
Terms of availability 67.00
035 ## - SYSTEM CONTROL NUMBER
System control number EN-116128
037 ## - SOURCE OF ACQUISITION
Source of stock number/acquisition DBAD/PUB
082 ## - DEWEY DECIMAL CLASSIFICATION NUMBER
Classification number 230.35
245 ## - TITLE STATEMENT
Title Dayalbagh:
Remainder of title Garden Of The Merciful/
260 ## - PUBLICATION, DISTRIBUTION, ETC. (IMPRINT)
Name of publisher, distributor, etc Radhasoami Satsang Sabha
Date of publication, distribution, etc 2015
Place of publication, distribution, etc Agra
300 ## - PHYSICAL DESCRIPTION
Extent 317p
Dimensions 25cm(hbk)
Other physical details Photographs
942 ## - ADDED ENTRY ELEMENTS (KOHA)
Source of classification or shelving scheme Dewey Decimal Classification
Item type English Books
Call number suffix DAY
Classification part 230.35
Holdings
Withdrawn status Lost status Not for loan Collection code Home library Current library Date acquired Source of acquisition Cost, normal purchase price Full call number Barcode Copy number Cost, replacement price Koha item type
    Not For Loan Non-fiction D.B.Act.Division Mobile Library 11/05/2022 DBAD/PUB 67.00 230.35 DAY EN-116128 1 67.00 English Books

© Delhi Public Library
Hit Counter
free hit counter